Destroying Democracy : Neoliberal capitalism and the rise of authoritarian politics (Record no. 46345)

MARC details
000 -LEADER
fixed length control field 02159nam a2200241Ia 4500
000 - LEADER
fixed length control field 03327naaa 00493uu
001 - CONTROL NUMBER
control field https://directory.doabooks.org/handle/20.500.12854/71499
005 - DATE AND TIME OF LATEST TRANSACTION
control field 20260218105628.0
008 - FIXED-LENGTH DATA ELEMENTS--GENERAL INFORMATION
fixed length control field 211013s9999 xx 000 0 und d
020 ## - INTERNATIONAL STANDARD BOOK NUMBER
International Standard Book Number 9781776146994
024 ## - OTHER STANDARD IDENTIFIER
Standard number or code 10.18772/22021086994
042 ## - AUTHENTICATION CODE
Authentication code dc
245 #0 - TITLE STATEMENT
Title Destroying Democracy : Neoliberal capitalism and the rise of authoritarian politics
260 ## - PUBLICATION, DISTRIBUTION, ETC.
Place of publication, distribution, etc. Johannesburg
Name of publisher, distributor, etc. Wits University Press
Date of publication, distribution, etc. 2021
300 ## - PHYSICAL DESCRIPTION
Extent 1 electronic resource (248 p.)
520 ## - SUMMARY, ETC.
Summary, etc. Destroying Democracy, volume six of the Democratic Marxism series, focuses on how decades of neoliberal capitalism have eroded the global democratic project and how, in the process, rising authoritarianism is expressing itself in divisive and exclusionary politics, populist political parties and movements, increased distrust in fact-based information and news, and the withering accountability of state institutions. Over the last four decades, democracy has radically shifted to a market democracy in which all aspects of human, non-human and planetary life are commodified and corporations have become more powerful than states and their citizens. This is how neoliberal capitalism functions at a systemic level and if left unchecked is the greatest threat to democracy and a sustainable planet. The authors home in on four country cases - India, Brazil, South Africa and the United States of America to interrogate issues of politics, ecology, state security, media, access to information and political parties, and affirm the need to reclaim and re-build an expansive and inclusive democracy. The book is an invaluable resource for all who are interested in understanding the threats to democracy and the rising tide of authoritarianism in the global south and the global north.
540 ## - TERMS GOVERNING USE AND REPRODUCTION NOTE
Terms governing use and reproduction Creative Commons
653 ## - INDEX TERM--UNCONTROLLED
Uncontrolled term neoliberal capitalism
700 1# - ADDED ENTRY--PERSONAL NAME
Personal name Duncan, Jane
856 ## - ELECTRONIC LOCATION AND ACCESS
Uniform Resource Identifier <a href="https://docs.google.com/spreadsheets/d/1yKIrdCPDAG_9c22mwoOIO2DOhtj65Wqa/edit?usp=sharing&ouid=106555315294820607512&rtpof=true&sd=true ">https://docs.google.com/spreadsheets/d/1yKIrdCPDAG_9c22mwoOIO2DOhtj65Wqa/edit?usp=sharing&ouid=106555315294820607512&rtpof=true&sd=true </a>
Link text List of Curated E-Books
942 ## - ADDED ENTRY ELEMENTS (KOHA)
Koha item type E-Book
Holdings
Withdrawn status Source of classification or shelving scheme Damaged status Not for loan Home library Current library Date acquired Total Checkouts Date last seen Price effective from Koha item type
  Library of Congress Classification   Not For Loan Directory of Open Access Books Directory of Open Access Books 12/22/2021   12/22/2021 12/22/2021 E-Book

University of Rizal System
Email us at univlibservices@urs.edu.ph

Visit our Website www.urs.edu.ph/library